003610000a22001210004500090001700000245006800017041001300085700003400098100002500132942001300157773005200170999001700222 aASbSeriadas10aReview of Antephrys with description af a new Colombian species0 aInglés1 aAmarillo S., Angela R.9231701 aJohnson, Kurt915488 cARTICULO1 tRevista de Theclinae Colombianosq1-16d1997g1 c16047d16047